000 01059nam a22001697a 4500
003 SPCLIB
005 20260427100359.0
008 260427b |||||||| |||| 00| 0 eng d
040 _c..
100 _aGacusan, Neil D.
245 _aWORK PERFORMANCE OF TEACHERS: A DEMOGRAPHIC ANALYSIS BASED ON THE INDIVIDUAL PERFORMANCE COMMITMENT AND REVIEW FORM (IPCRF)
_cNeil D. Gacusan
260 _c2022.
300 _a113 pages:
_bcolored illustrations:
520 _aFinding out how demographic factors affected secondary school teachers' job performance was the goal of this study. The study primarily looked at how the respondents' work performance was affected by their age, gender, educational background, length of services, and teaching position.
650 _2WORK PERFORMANCE OF TEACHERS: A DEMOGRAPHIC ANALYSIS BASED ON THE INDIVIDUAL PERFORMANCE COMMITMENT AND REVIEW FORM (IPCRF)
_aWORK PERFORMANCE OF TEACHERS: A DEMOGRAPHIC ANALYSIS BASED ON THE INDIVIDUAL PERFORMANCE COMMITMENT AND REVIEW FORM (IPCRF)-PHILIPPINES
942 _cBOOKS
_iTHESES BOOK
999 _c85
_d85